TURN : Washington's spies. The complete third ... Read More
Available copies
- 1 of 1 copy available at LARL/NWRL Consortium.
Current holds
0 current holds with 1 total copy.
Show Only Available Copies
| Location | Call Number / Copy Notes | Barcode | Shelving Location | Status | Due Date |
|---|---|---|---|---|---|
| Hallock Public Library | DVD TUR (Text) | 35500005541493 | Main | Available | - |
Record details
- Physical Description: 3 videodiscs (approximately 435 min.) : sound, ... Read More
- Publisher: Beverly Hills, CA : Anchor Bay Entertainment, [2016]
Content descriptions
| General Note: | Title from sell sheet. Based on Alexander Rose's book Washington's spies. Originally broadcast as single episodes of a television program on the AMC Network in 2016. Special features: Deleted & extended scenes. |
| Participant or Performer Note: | Jamie Bell, Seth Numrich, Heather Lind, Daniel ... Read More |
| Summary, etc.: | It takes viewers into the stirring and treacherous ... Read More |
| Target Audience Note: | Rating: Not rated. |
| System Details Note: | DVD, NTSC region 1, anamorphic widescreen (1.78:1) ... Read More |
| Language Note: | In English; Spanish subtitles; English subtitles ... Read More |
Search for related items by subject
| Genre: | Television series. War television programs. Television adaptations. Drama. Feature films. History. Television adaptations. Television series. War television programs. |
Search for related items by series
| LDR | 04049cgm a2200793Ii 4500 | ||
|---|---|---|---|
| 001 | 219542 | ||
| 003 | LARL_NWRL_CONSORTIUM | ||
| 005 | 20161116214852.0 | ||
| 008 | 160927s2016 cau435 vleng d | ||
| 007 | vd cvaizq | ||
| 024 | 1 | . | ‡a013132647272 |
| 028 | 4 | 2. | ‡aDV64727 ‡bAnchor Bay Entertainment |
| 035 | . | ‡a(OCoLC)959297039 | |
| 043 | . | ‡an-us--- ‡an-us-ny | |
| 082 | 0 | 4. | ‡a791.45/75 ‡223 |
| 245 | 1 | 0. | ‡aTURN : ‡bWashington's spies. ‡nThe complete third season / ‡cwritten by Craig Silverstein |
| 264 | 1. | ‡aBeverly Hills, CA : ‡bAnchor Bay Entertainment, ‡c[2016] | |
| 300 | . | ‡a3 videodiscs (approximately 435 min.) : ‡bsound, color ; ‡c4 3/4 in. | |
| 336 | . | ‡atwo-dimensional moving image ‡btdi ‡2rdacontent | |
| 337 | . | ‡avideo ‡bv ‡2rdamedia | |
| 338 | . | ‡avideodisc ‡bvd ‡2rdacarrier | |
| 344 | . | ‡adigital ‡boptical ‡2rda | |
| 345 | . | ‡awidescreen (1.78:1) ‡b24 fps ‡2rda | |
| 346 | . | ‡bNTSC ‡2rda | |
| 347 | . | ‡avideo file ‡bDVD video ‡2rda | |
| 380 | . | ‡aTelevision program. | |
| 490 | 0 | . | ‡aTURN: Washington's spies ; ‡vSeason 3 |
| 538 | . | ‡aDVD, NTSC region 1, anamorphic widescreen (1.78:1) presentation; Dolby Digital 5.1 surround. | |
| 546 | . | ‡aIn English; Spanish subtitles; English subtitles for the deaf and hard-of-hearing (SDH). | |
| 500 | . | ‡aTitle from sell sheet. | |
| 511 | 1 | . | ‡aJamie Bell, Seth Numrich, Heather Lind, Daniel Henshall, Kevin McNally, Ian Kahn, Owain Yeoman, Terry McAuliffe. |
| 500 | . | ‡aBased on Alexander Rose's book Washington's spies. | |
| 500 | . | ‡aOriginally broadcast as single episodes of a television program on the AMC Network in 2016. | |
| 521 | 8 | . | ‡aRating: Not rated. |
| 500 | . | ‡aSpecial features: Deleted & extended scenes. | |
| 520 | . | ‡aIt takes viewers into the stirring and treacherous world of the Revolutionary War and America's first spy ring. This season returns with an epic ten-episode season that builds towards one of the most notorious moments in American history, the treasonous defection of Benedict Arnold. Behind enemy lines on Long Island, Abe Woodhull is a spy for the Patriots, reporting directly to George Washington. Embedded within the Continental Army, Benedict Arnold is seduced to become an informant. | |
| 651 | 0. | ‡aUnited States ‡xHistory ‡yRevolution, 1775-1783 ‡xSecret service ‡vDrama. | |
| 651 | 0. | ‡aUnited States ‡xHistory ‡yRevolution, 1775-1783 ‡xMilitary intelligence ‡vDrama. | |
| 651 | 0. | ‡aNew York (N.Y.) ‡xHistory ‡yRevolution, 1775-1783 ‡vDrama. | |
| 611 | 2 | 7. | ‡aAmerican Revolution (1775-1783) ‡2fast |
| 651 | 7. | ‡aNew York (State) ‡zNew York. ‡2fast | |
| 651 | 7. | ‡aUnited States. ‡2fast ‡0(LARL_NWRL_CONSORTIUM)54625 | |
| 648 | 7. | ‡a1775-1783 ‡2fast | |
| 655 | 7. | ‡aTelevision series. ‡2lcgft ‡0(LARL_NWRL_CONSORTIUM)175797 | |
| 655 | 7. | ‡aWar television programs. ‡2lcgft ‡0(LARL_NWRL_CONSORTIUM)175741 | |
| 655 | 7. | ‡aTelevision adaptations. ‡2lcgft ‡0(LARL_NWRL_CONSORTIUM)175702 | |
| 655 | 7. | ‡aDrama. ‡2fast | |
| 655 | 7. | ‡aFeature films. ‡2fast ‡0(LARL_NWRL_CONSORTIUM)175625 | |
| 655 | 7. | ‡aHistory. ‡2fast | |
| 655 | 7. | ‡aTelevision adaptations. ‡2fast ‡0(LARL_NWRL_CONSORTIUM)175702 | |
| 655 | 7. | ‡aTelevision series. ‡2fast ‡0(LARL_NWRL_CONSORTIUM)175797 | |
| 655 | 7. | ‡aWar television programs. ‡2fast ‡0(LARL_NWRL_CONSORTIUM)175741 | |
| 700 | 1 | . | ‡aSilverstein, Craig, ‡escreenwriter. |
| 700 | 1 | . | ‡aBell, Jamie, ‡d1986- ‡eactor. ‡0(LARL_NWRL_CONSORTIUM)146918 |
| 700 | 1 | . | ‡aNumrich, Seth, ‡eactor. |
| 700 | 1 | . | ‡aLind, Heather, ‡eactor. |
| 700 | 1 | . | ‡aHenshall, Daniel, ‡d1983- ‡eactor. |
| 700 | 1 | . | ‡iTelevision adaptation of (work): ‡aRose, Alexander, ‡d1971- ‡tWashington's spies. |
| 901 | . | ‡a219542 ‡bOCoLC ‡c219542 ‡tbiblio ‡soclc | |

Add to basket
Permalink
Disable Highlighting